| 000 | 00653nam a2200217 u 4500 | ||
|---|---|---|---|
| 005 | 20240925064359.0 | ||
| 008 | 101007s2009 mx r 000 0 spa d | ||
| 020 | _a9786071703354 | ||
| 035 | _aUPN01000178043 | ||
| 049 | _aCG | ||
| 050 | 4 |
_aBF721 _bQ5.3 |
|
| 100 | 1 | _aQuintanar Rojas, Luis | |
| 245 | 1 | 4 |
_aLas funciones psicológicas en el desarrollo del niño / _cLuis Quintanar Rojas, Yulia Solovieva. |
| 260 |
_aMéxico : _bTrillas : _c2009. |
||
| 300 |
_a232 p. : _btablas |
||
| 650 | 4 |
_aNiño, Estudio del _9221 |
|
| 650 | 4 |
_aDesarrollo infantil _9176 |
|
| 700 | 1 |
_aSolovieva, Yulia, _ecoaut. _933804 |
|
| 905 | _aLibro | ||
| 999 |
_c150146 _d150146 |
||